Tilastot visalle Sanat - "Kylmänkukkia"

Klikkaa tästä pelataksesi tätä visaa!

Yleistilastot

  • Tätä visaa on pelattu 9 kertaa
  • Keskiarvotulos 118 / 152

Vastaustilastot

Vastaus% Oikein
aurinko
100%
Hiutaleet
100%
kaukomaan
100%
kulkee
100%
kutsua
100%
kuuntele
100%
lapseni
100%
on
100%
peittänyt
100%
pelko
100%
Pohjoisen
100%
pohjoisen
100%
sammuu
100%
tanssivat
100%
tielläni
100%
tuulia
100%
varjoja
100%
anna
88%
ei
88%
elämän
88%
ja
88%
jäälle
88%
jäätyivät
88%
kääntää
88%
kannan
88%
kartoit
88%
Katsohan
88%
koivukaan
88%
kultaa
88%
kylmänkukkia
88%
laulun
88%
löytyä
88%
lunta
88%
nää
88%
naurun
88%
pakkanen
88%
perhojen
88%
pintaan
88%
poutaa
88%
rannan
88%
selkänsä
88%
sen
88%
sieltä
88%
siivet
88%
silmies
88%
taaskin
88%
toivoit
88%
tuiskunnut
88%
tunturikoivu
88%
tuulissa
88%
tyyntä
88%
varjoaan
88%
veen
88%
viimalle
88%
voi
88%
yöllä
88%
aina
75%
auringon
75%
aurinkosilmin
75%
helmaas
75%
jäätä
75%
johdattaa
75%
kantaisin
75%
käskit
75%
kätköistä
75%
kättäsi
75%
kauas
75%
kuihtuvat
75%
kuivuuteen
75%
kurkotit
75%
kyynelsilmin
75%
lapsiaan
75%
laula
75%
mun
75%
Näinhän
75%
onneen
75%
paasien
75%
painaa
75%
ruokkivat
75%
ruusujen
75%
sormin
75%
sulle
75%
surmaa
75%
tuulien
75%
vaali
75%
viedä
75%
vuokot
75%
huurretta
63%
jäkälään
63%
juurias
63%
juurien
63%
kasvattaa
63%
kevättä
63%
kuolosta
63%
Lappiin
63%
lauhaksi
63%
laulaisin
63%
laulan
63%
lauluja
63%
pään
63%
painona
63%
puolelta
63%
rakkaa
63%
rinteen
63%
saapuisin
63%
silmuja
63%
suopursun
63%
suostutan
63%
täynnä
63%
tuikkivan
63%
tunturituulen
63%
tuo
63%
tuoksu
63%
Ummut
63%
unta
63%
vaikka
63%
vielä
63%
virrat
63%
virta
63%
voithan
63%
yllä
63%
kukkimaan
50%
kuljettaa
50%
kullerot
50%
kultahippuja
50%
loimujen
50%
louhikon
50%
pohjalta
50%
pohjan
50%
puolen
50%
seulova
50%
sielusi
50%
Tänne
50%
tulvaniityille
50%
tuolta
50%

Tulosjakauma

Persentiili vastausten määrän mukaan

Jokaisen tuloksen saaneiden osuus

Tuloshistoriasi

Et ole pelannut tätä visaa